000 01306nam a22003257a 4500
001 BD-DhSAU 8665
003 BD-DhSAU
005 20200107104903.0
008 150613b2018 bg a|||| m||| 00| 0 eng d
040 _aBD-DhSAU
082 _222
_a595.7
_bM2966
100 _aMallik , Happy
_4Registration No. 12- 05214
245 _a Comparative study for the management of Brinjal Shoot and Fruit Borer and Epilachna Beetle with botanicals and some selected chemical Insecticides /
_cHappy Mallik
_bMs Thesis
260 _aSher-e-Bangla Agricultural University :
_bDepartment of Entomology,
_c2018.
300 _avii, 95p. :
_bill. ;
_c30 cm.
500 _aMS thesis of Department of Entomology, Faculty of Agriculture, Sher-e-Bangla Agricultural University, Dhaka, Bangladesh
504 _aIncludes bibliographical references.
590 _aShofi
650 _aEntomology
650 _a Brinjal Shoot
650 _aChemical
650 _aFruit Borer
650 _a Epilachna Beetle
650 _aInsecticides
650 _aPapaya Mealybug, Paracoccus marginatus
700 _a Ali , Md. Razzab
_eSuperviser
700 _a Hossain , Mohammad Sakhawat
_eCo-superviser
856 _uhttp://archive.saulibrary.edu.bd:8080/xmlui/handle/123456789/3053
_yOnline Access
942 _2ddc
_cTHESIS
999 _c14892
_d14891